000 00803nam a22002417a 4500
001 70850
003 UA-OsUOA
005 20220501183041.0
007 ta
008 20100921b un ||||| |||| 00| 0 ukr d
040 _aUA-OsUOA
_brus
_cUA-OsUOA
_dUA-OsUOA
041 _arus
080 _a82.09(091)(470+571)
090 _a82.09(091)(470+571)
_bС59
100 _aСоколов А. Г.
245 _aИстория русской литературы конца ХІХ - начала ХХ века
260 _aМ.
_bВысшая школа
_c1979
300 _a399 с.
650 7 _a82.09 Літературна критика. Літературні дослідження
_2UDC
942 _cBK
_2udc
955 _a2
999 _c357126
_d357126